| 000 | 01364nam a2200241 a 4500 | ||
|---|---|---|---|
| 001 | BRCA_9067 | ||
| 005 | 20190320210518.0 | ||
| 008 | 040917s1772----it-#######---#000-0#lat-# | ||
| 041 | _alat | ||
| 044 | _ait | ||
| 084 |
_aCO46 _b.F47 1772 |
||
| 100 | 1 |
_aFerraris, Lucius _922427 |
|
| 245 | 1 | 0 | _aAdm. Rev. P. F. Lucii Ferraris prompta biblioteca canonica, jurídica, moralis, theologica nec non ascética, polémica, rubricistica, histórica. |
| 260 |
_aVenetiis _bApud Gasparem Storti _c1772 |
||
| 300 |
_aVIII, 644 p. (t.2) _c24 x 19 cm |
||
| 500 | _aSuperiorum permissu, ac Privilegio | ||
| 500 | _aEn portada: De Principalioribus, et fere Omnibus, quae in dies occurrunt nec penes omnes facile, ac prompte reperiri possuni, ex utroque jure, pontificiis constitutionibus, conciliis, sacrarum congregationum decretis, sacrae romanae rotae decisionibus, ac probatissimis et selectissimis auctoribus. Accurt collecta, adaucta, in unum redacta, & ordine alphabetico congesta, ac in octo tomos distributa. Editio novissima caeteris ómnibus castigatior, et locupletior, adjecto nunc primum Indice Meteriarum absolutissimo | ||
| 500 | _aEstado físico: presentan encuadernación en pergamino y cintas rotas | ||
| 505 | 0 | _aTomus secundus C - D | |
| 650 | 1 | 4 |
_aIglesia católica _vdiccionario _yObras anteriores a 1800 _922428 |
| 902 | _aCFM | ||
| 942 |
_2lcc _cB |
||
| 999 |
_c8717 _d8717 |
||